000 00489nam a2200121Ia 4500
008 220620s9999||||xx |||||||||||||| ||und||
245 0 _aManaging Chronicity in Unequal States
_bEthnographic perspectives on caring
546 _aEnglish[eng]
650 _ahealthcare||anthropology||medical anthropology||inequality||chronic pain||sociology
700 _aMontesi, Laura||Calestani, Melania
856 _uhttps://library.oapen.org/bitstream/20.500.12657/51802/1/9781800080287.pdf
942 _cEB
999 _c31877
_d31877